[Event "World Blitz Women 2017"]
[Site "Riyadh KSA"]
[Date "2017.12.30"]
[Round "16.27"]
[White "Mamedjarova, Turkan"]
[Black "Socko, Monika"]
[Result "1/2-1/2"]
[WhiteTitle "WGM"]
[BlackTitle "GM"]
[WhiteElo "2260"]
[BlackElo "2471"]
[WhiteFideId "13402005"]
[BlackFideId "1106619"]
[EventDate "2017.12.29"]

1. d4 Nf6 2. Nf3 e6 3. c4 Bb4+ 4. Bd2 c5 5. Bxb4 cxb4 6. Qc2 Nc6 7. e4 d6 8. Bd3
e5 9. d5 Nb8 10. Qa4+ Nbd7 11. Qxb4 Nc5 12. Bc2 Nfxe4 13. Nbd2 Nxd2 14. Qxd2 a5
15. O-O O-O 16. Ng5 f5 17. Rae1 h6 18. Nf3 Qf6 19. a3 a4 20. Qe3 f4 21. Qc3 Bg4
22. Nd2 f3 23. Ne4 Nxe4 24. Bxe4 Rac8 25. Re3 fxg2 26. Bxg2 b5 27. Rg3 Bf5 28.
Qb4 bxc4 29. Qxa4 Bd3 30. Rf3 Qg6 31. Rg3 Qf6 32. Rf3 Qe7 33. Rxf8+ Rxf8 34. Rd1
Qg5 35. Qb4 Be4 36. f3 Qe3+ 37. Kh1 Bxf3 38. Qd2 Bxg2+ 39. Qxg2 e4 40. Rf1 Rxf1+
41. Qxf1 Qd3 42. Qf5 e3 43. Qe6+ Kh7 44. Kg2 Qc2+ 45. Kg3 Qf2+ 46. Kh3 Qf1+ 47.
Kg3 Qe1+ 48. Kh3 Qf1+ 49. Kg3 Qd3 50. Kf3 Qf1+ 51. Kxe3 Qc1+ 52. Kf3 Qf1+ 53.
Kg3 Qg1+ 54. Kf3 Qf1+ 55. Ke3 Qd3+ 56. Kf2 Qd4+ 57. Kf3 Qd3+ 58. Kf4 Qf1+ 59.
Kg3 Qg1+ 60. Kh3 Qf1+ 61. Kg3 Qg1+ 62. Kf3 Qf1+ 63. Ke3 Qd3+ 64. Kf2 Qc2+ 65.
Qe2 Qf5+ 66. Qf3 Qc2+ 67. Kg3 Qxb2 68. Qe4+ g6 69. Qxc4 Qxa3+ 70. Kh4 Qa7 71.
Kg3 Qe7 72. Qc6 h5 73. h4 Kg7 74. Kh3 Kf6 75. Qc3+ Qe5 76. Qc6 Qe3+ 77. Kg2 Qe4+
78. Kg1 Qe3+ 79. Kg2 Qe2+ 80. Kg1 Qg4+ 81. Kf1 Qf4+ 82. Kg2 Ke5 83. Qe8+ Kxd5
84. Qg8+ Kd4 85. Qg7+ Ke3 86. Qc3+ Ke4 87. Qc2+ Ke5 88. Qc3+ Ke6 89. Qc8+ Kd5
90. Qb7+ Ke5 91. Qe7+ Kd4 92. Qa7+ Ke4 93. Qe7+ Qe5 94. Qb7+ Kf5 95. Qf7+ Qf6
96. Qd5+ Qe5 97. Qf7+ Qf6 98. Qd5+ Kg4 99. Qe4+ Qf4 100. Qxg6+ Kxh4 101. Qe8
Qg3+ 102. Kh1 Qh3+ 103. Kg1 Qg4+ 104. Kh2 Qf4+ 105. Kg2 Kg5 106. Qg8+ Kf5 107.
Qf7+ Ke4 108. Qc4+ Ke5 109. Qc3+ Qd4 110. Qg3+ Kd5 111. Qg5+ Qe5 112. Qd2+ Kc6
113. Qc2+ Kd7 114. Qh7+ Ke6 115. Qg8+ Ke7 116. Qh7+ Kf8 117. Qc2 h4 118. Qf2+
Kg7 119. Qxh4 Qd5+ 120. Kf2 Qf7+ 121. Ke3 Qe6+ 122. Kd3 Qb3+ 123. Kd2 d5 124.
Qg5+ Kf7 125. Qf5+ Ke7 126. Qe5+ Kd7 127. Qg7+ Kc6 128. Qf6+ Kb5 129. Qe5 Qb4+
130. Kd3 Qc4+ 131. Kd2 Qb4+ 132. Kd3 Qb3+ 133. Kd2 Qa2+ 134. Kd3 Qc4+ 135. Kd2
Ka4 136. Qe8+ Kb3 137. Qb8+ Ka4 138. Qa7+ Kb5 139. Qb7+ Ka5 140. Qa7+ Kb4 141.
Qb6+ Ka3 142. Qa5+ Kb2 143. Qb6+ Ka3 144. Qa5+ Kb2 145. Qb6+ 1/2-1/2

[Event "World Blitz Women 2017"]
[Site "Riyadh KSA"]
[Date "2017.12.30"]
[Round "16.28"]
[White "Mkrtchian, Lilit"]
[Black "Batchimeg, Tuvshintugs"]
[Result "0-1"]
[WhiteTitle "IM"]
[BlackTitle "IM"]
[WhiteElo "2376"]
[BlackElo "2398"]
[WhiteFideId "13300601"]
[BlackFideId "4900839"]
[EventDate "2017.12.29"]

1. Nf3 b6 2. g3 Bb7 3. Bg2 Nf6 4. O-O e6 5. c4 c5 6. b3 Be7 7. Bb2 O-O 8. e3 d5
9. Nc3 dxc4 10. bxc4 Nc6 11. Qe2 Na5 12. d3 Bc6 13. Rab1 Qc7 14. Rfd1 Rfd8 15.
Ne1 Bxg2 16. Nxg2 a6 17. Ba1 Rab8 18. f4 Qc6 19. a4 Qc7 20. g4 Nc6 21. g5 Ne8
22. Ne4 Nb4 23. Ne1 Qc6 24. Nc3 e5 25. fxe5 Bxg5 26. Nf3 Bh6 27. e4 Nc7 28. Nd5
Ncxd5 29. exd5 Qg6+ 30. Kh1 Re8 31. Bc3 a5 32. Nh4 Qg5 33. Ng2 Rbd8 34. Rg1 Qf5
35. Rbd1 Rd7 36. Rgf1 Qg5 37. Qf3 Rde7 38. Rf2 Qg6 39. Rg1 Nxd3 40. Re2 Nxe5 41.
Bxe5 Rxe5 42. Nh4 Qd6 43. Nf5 Qf6 44. Rxe5 Rxe5 45. Nxh6+ Qxh6 46. d6 Qxd6 0-1

[Event "World Blitz Women 2017"]
[Site "Riyadh KSA"]
[Date "2017.12.30"]
[Round "16.29"]
[White "Enkhtuul, Altan-Ulzii"]
[Black "Guo, Qi"]
[Result "0-1"]
[WhiteTitle "WGM"]
[BlackTitle "IM"]
[WhiteElo "2344"]
[BlackElo "2396"]
[WhiteFideId "4901444"]
[BlackFideId "8604002"]
[EventDate "2017.12.29"]

1. d4 Nf6 2. Nf3 e6 3. g3 b5 4. Bg2 Bb7 5. O-O c5 6. Bg5 a6 7. c3 Be7 8. a4 b4
9. Nbd2 cxd4 10. cxb4 Bxb4 11. Nxd4 Bxg2 12. Kxg2 Qa5 13. Bxf6 gxf6 14. N4b3 Qe5
15. Nf3 Qd6 16. Qxd6 Bxd6 17. Rfd1 Ke7 18. Na5 Bb4 19. Nb3 Nc6 20. e4 Rab8 21.
Rab1 Rb7 22. Nc1 Rhb8 23. Nd3 Bd6 24. Rd2 Nb4 25. Nxb4 Rxb4 26. Rbd1 R8b6 27. a5
Rc6 28. Nd4 Rc7 29. Nc2 Rxb2 30. Rxd6 Rcxc2 31. Rxd7+ Kf8 32. Rf1 Ra2 33. Ra7
Rxa5 34. Kh3 Raa2 35. Ra8+ Kg7 36. Ra7 Kg6 37. Ra8 a5 38. Kg4 Rxf2 39. Rxf2 Rxf2
40. h4 h5+ 41. Kh3 Ra2 42. Rg8+ Kh7 43. Ra8 Ra4 44. Kg2 Rxe4 45. Rxa5 f5 46. Ra8
Kg7 47. Re8 Rg4 48. Kf3 f4 49. gxf4 Rxh4 50. Rb8 Kf6 51. Rb5 Rh3+ 52. Ke4 Rh1
53. Kf3 Kg6 54. Rg5+ Kh6 55. Rb5 Ra1 56. Rb7 Kg6 57. Rb8 Ra3+ 58. Kg2 Kf5 59.
Rf8 f6 60. Kh2 h4 61. Kg2 Rg3+ 62. Kh2 Rg4 63. Kh3 Rxf4 64. Rh8 e5 65. Rh5+ Ke6
66. Rh8 Ra4 67. Re8+ Kd5 68. Rf8 Ke6 69. Re8+ Kf5 70. Rb8 Rf4 71. Rb5 Ke6 72.
Rb6+ Kf5 73. Rb5 Kg5 74. Rb8 Re4 75. Rg8+ Kf5 76. Rb8 Ra4 77. Rb5 Kf4 78. Kxh4
f5 79. Kh3 Ra2 80. Rb3 e4 81. Rb4 Kf3 82. Rb1 e3 83. Rf1+ Ke4 84. Kg3 e2 85. Re1
Ke3 86. Kg2 f4 87. Kh2 f3 88. Rb1 f2 89. Rb3+ Kd2 0-1

[Event "World Blitz Women 2017"]
[Site "Riyadh KSA"]
[Date "2017.12.30"]
[Round "16.30"]
[White "Nakhbayeva, Guliskhan"]
[Black "Zozulia, Anna"]
[Result "1/2-1/2"]
[WhiteTitle "WGM"]
[BlackTitle "IM"]
[WhiteElo "2314"]
[BlackElo "2316"]
[WhiteFideId "13704788"]
[BlackFideId "14102110"]
[EventDate "2017.12.29"]

1. d4 g6 2. c4 Bg7 3. e4 d6 4. Nc3 Nc6 5. Be3 e5 6. Nge2 Nf6 7. d5 Ne7 8. Ng3
O-O 9. Be2 a5 10. O-O h5 11. Re1 h4 12. Nf1 Nh7 13. Qd2 f5 14. exf5 gxf5 15. f4
Ng6 16. fxe5 Bxe5 17. Bh5 Qf6 18. Nb5 Rf7 19. Bd4 Ng5 20. Kh1 Rg7 21. Bxg6 Qxg6
22. Bxe5 dxe5 23. Qf2 Ne4 24. Qf3 c6 25. Nc3 Nxc3 26. bxc3 e4 27. Qf2 f4 28.
Rab1 e3 29. Qf3 Bg4 30. Qxf4 Bf5 31. Rb2 Rf8 32. Nxe3 Be4 33. Qxh4 Qf7 34. c5
cxd5 35. c4 d4 36. Qxe4 dxe3 37. Qxe3 Qf1+ 38. Rxf1 Rxf1+ 39. Qg1 Rxg1+ 40. Kxg1
Rc7 41. Rb5 a4 42. a3 Kg7 43. Kf2 Kf6 44. Kf3 Ke5 45. Ke3 Ke6 46. g4 Rh7 47.
Rb6+ Ke5 48. h4 Rxh4 49. Rxb7 Rxg4 50. Kd3 Rg3+ 51. Kc2 Rxa3 52. c6 Kd6 53. Kb2
Rb3+ 54. Rxb3 axb3 55. Kxb3 Kxc6 56. Kb4 Kb6 57. c5+ Kc6 58. Kc4 Kc7 59. Kb5 Kb7
60. c6+ Kc7 61. Kc5 Kc8 62. Kb6 Kb8 63. c7+ Kc8 64. Kc6 1/2-1/2

[Event "World Blitz Women 2017"]
[Site "Riyadh KSA"]
[Date "2017.12.30"]
[Round "16.31"]
[White "Hoolt, Sarah"]
[Black "Zimina, Olga"]
[Result "1-0"]
[WhiteTitle "WGM"]
[BlackTitle "IM"]
[WhiteElo "2405"]
[BlackElo "2415"]
[WhiteFideId "24606812"]
[BlackFideId "4132190"]
[EventDate "2017.12.29"]

1. e4 c6 2. d4 d5 3. f3 dxe4 4. fxe4 e5 5. Nc3 Qxd4 6. Nf3 Qxd1+ 7. Nxd1 f6 8.
Bc4 Bc5 9. Be3 Nd7 10. O-O Ne7 11. c3 Ng6 12. b4 Bb6 13. a4 Ke7 14. a5 Bc7 15.
Bf2 Nf4 16. Ne3 g6 17. Bh4 Nf8 18. Rad1 Be6 19. Rd2 h5 20. Rfd1 g5 21. Bxe6
N4xe6 22. Nf5+ Kf7 23. Bf2 h4 24. h3 Nf4 25. Bc5 N4e6 26. Nh2 Re8 27. Bxa7 Rd8
28. Rxd8 Nxd8 29. Ng4 Ke6 30. Bc5 Nd7 31. Be7 Rh7 32. Bxd8 Bxd8 33. Rd6+ Kf7 34.
Rxd7+ 1-0

[Event "World Blitz Women 2017"]
[Site "Riyadh KSA"]
[Date "2017.12.30"]
[Round "16.32"]
[White "Szczepkowska, Karina"]
[Black "Papp, Petra"]
[Result "1-0"]
[WhiteTitle "IM"]
[BlackTitle "WGM"]
[WhiteElo "2419"]
[BlackElo "2313"]
[WhiteFideId "1122681"]
[BlackFideId "739049"]
[EventDate "2017.12.29"]

1. b3 d5 2. Bb2 Bf5 3. f4 e6 4. Nf3 Nf6 5. e3 h6 6. g3 Be7 7. Bg2 c5 8. O-O Nc6
9. d3 O-O 10. Nbd2 d4 11. e4 Bh7 12. h3 b5 13. Qe2 Nb4 14. Ne1 Rc8 15. a3 Nc6
16. Nef3 Nd7 17. Rf2 Nb6 18. g4 c4 19. bxc4 bxc4 20. dxc4 Bc5 21. Qd3 Na4 22.
Bc1 Nc3 23. f5 Nd1 24. Rf1 Ne3 25. Rf2 Nd1 26. Rf1 Ne3 27. Rf2 Nxc2 28. Rb1 Ne3
29. Nb3 Nxg2 30. Rxg2 Be7 31. Bf4 Re8 32. Rd1 Bxa3 33. g5 e5 34. Bd2 hxg5 35.
Nxg5 Bb4 36. Qf3 Bxd2 37. Nxd2 Qf6 38. Qh5 Qh6 39. Qxf7+ Kh8 40. Ndf3 Bg8 41.
Qb7 a5 42. Rf1 Rb8 43. Qc7 Rbc8 44. Qb7 Rb8 45. Qa6 Ra8 46. Qb5 Rab8 47. Qa4 Rb4
48. Qa3 Reb8 49. Ne6 Bxe6 50. fxe6 Rb3 51. Qd6 Na7 52. Ng5 Re8 53. Nf7+ Kh7 54.
Nxh6 Kxh6 55. e7+ Kh5 56. Qg6+ 1-0

[Event "World Blitz Women 2017"]
[Site "Riyadh KSA"]
[Date "2017.12.30"]
[Round "16.34"]
[White "Batsiashvili, Nino"]
[Black "Melia, Salome"]
[Result "1-0"]
[WhiteTitle "IM"]
[BlackTitle "IM"]
[WhiteElo "2502"]
[BlackElo "2404"]
[WhiteFideId "13602993"]
[BlackFideId "13602446"]
[EventDate "2017.12.29"]

1. d4 Nf6 2. Bf4 b6 3. e3 Bb7 4. Nf3 d6 5. c4 Nbd7 6. Nc3 g6 7. h3 Bg7 8. Be2
O-O 9. O-O Re8 10. Bh2 e5 11. dxe5 dxe5 12. Qc2 Qe7 13. Rfd1 c6 14. a3 a5 15.
Rab1 Ba6 16. b4 axb4 17. axb4 Bb7 18. Qb3 e4 19. Nd4 Ne5 20. b5 c5 21. Nc6 Bxc6
22. bxc6 Nxc6 23. Qxb6 Rec8 24. Nd5 Nxd5 25. cxd5 Ne5 26. d6 Qe6 27. Bxe5 Qxe5
28. Bc4 Rd8 29. Qc7 Kh8 30. Rb7 Rf8 31. d7 Qxc7 32. Rxc7 f5 33. Rxc5 Rfd8 34.
Be6 Ra1 35. Rxa1 Bxa1 36. g4 fxg4 37. hxg4 Kg7 38. g5 h6 39. Rc8 1-0

[Event "World Blitz Women 2017"]
[Site "Riyadh KSA"]
[Date "2017.12.30"]
[Round "16.35"]
[White "Bulmaga, Irina"]
[Black "Mammadova, Gulnar"]
[Result "0-1"]
[WhiteTitle "IM"]
[BlackTitle "IM"]
[WhiteElo "2427"]
[BlackElo "2357"]
[WhiteFideId "13903063"]
[BlackFideId "13403508"]
[EventDate "2017.12.29"]

1. e4 g6 2. d4 Bg7 3. Nc3 c6 4. Nf3 d5 5. h3 Nh6 6. Bd3 f6 7. O-O O-O 8. Re1 Nf7
9. Ne2 e5 10. dxe5 Nxe5 11. Nxe5 fxe5 12. Ng3 Nd7 13. c3 Nc5 14. Be3 Nxd3 15.
Qxd3 Be6 16. Rad1 Qc7 17. Qc2 Rad8 18. Qc1 d4 19. cxd4 exd4 20. Bg5 Rd7 21. b3
Rdf7 22. Re2 Be5 23. Nf1 c5 24. Bh6 Rd8 25. Red2 b5 26. Bg5 Rc8 27. g3 Bxh3 28.
f4 Bg7 29. Rh2 Bg4 30. Rdd2 c4 31. e5 Qc5 32. b4 Qb6 33. Qe1 c3 34. Rd3 Bf5 35.
g4 Bxd3 36. e6 Rff8 37. Qh4 h5 38. gxh5 Qxe6 39. h6 Bf6 40. h7+ Kh8 41. Qh6 Bxg5
42. Qxg5 Bxf1 43. Kxf1 c2 44. Re2 c1=Q+ 45. Kf2 Qxf4+ 46. Qxf4 Rxf4+ 47. Kg3
Qxe2 48. Kxf4 Rf8+ 49. Kg5 Qh5# 0-1

[Event "World Blitz Women 2017"]
[Site "Riyadh KSA"]
[Date "2017.12.30"]
[Round "16.36"]
[White "Bivol, Alina"]
[Black "Badelka, Olga"]
[Result "0-1"]
[WhiteTitle "WGM"]
[BlackTitle "WIM"]
[WhiteElo "2356"]
[BlackElo "2388"]
[WhiteFideId "4100123"]
[BlackFideId "13509926"]
[EventDate "2017.12.29"]

1. Nf3 c5 2. e4 e6 3. b3 Nc6 4. Bb2 Nf6 5. e5 Nd5 6. c4 Nb6 7. g3 Be7 8. Bg2 O-O
9. O-O d6 10. exd6 Qxd6 11. Nc3 Rd8 12. Ne4 Qc7 13. Re1 Nd4 14. Rc1 e5 15. Nxd4
cxd4 16. d3 Be6 17. h3 Nd7 18. a3 a5 19. Qe2 f5 20. Nd2 Bf6 21. b4 axb4 22. axb4
Re8 23. Qf3 Ra2 24. Rc2 b6 25. Rec1 e4 26. Qe2 e3 27. Nf3 f4 28. Bxd4 Rxc2 29.
Rxc2 exf2+ 30. Qxf2 fxg3 31. Qf1 Ne5 32. Nxe5 Bxe5 33. Bxe5 Qxe5 34. Be4 Rf8 35.
Qe1 Qh5 36. Re2 Bxh3 37. Bd5+ Kh8 38. Bg2 Bg4 39. Qxg3 Bxe2 40. Be4 Rf1+ 41. Kg2
Qh1# 0-1

[Event "World Blitz Women 2017"]
[Site "Riyadh KSA"]
[Date "2017.12.30"]
[Round "16.37"]
[White "Doluhanova, Evgeniya"]
[Black "Atalik, Ekaterina"]
[Result "1-0"]
[WhiteTitle "WGM"]
[BlackTitle "IM"]
[WhiteElo "2352"]
[BlackElo "2451"]
[WhiteFideId "14112035"]
[BlackFideId "4130189"]
[EventDate "2017.12.29"]

1. e4 c6 2. d4 d5 3. Nc3 dxe4 4. Nxe4 Bf5 5. Ng3 Bg6 6. Nf3 e6 7. h4 h6 8. h5
Bh7 9. Ne5 Nd7 10. f4 Bb4+ 11. Bd2 Bxd2+ 12. Qxd2 Ngf6 13. Bd3 Bxd3 14. Qxd3
Qa5+ 15. c3 O-O 16. Ne4 Rfd8 17. Nxd7 Nxd7 18. g4 c5 19. g5 cxd4 20. gxh6 dxc3
21. bxc3 Nc5 22. Qg3 g6 23. hxg6 Nxe4 24. h7+ Kf8 25. h8=Q+ Ke7 26. Qhh4+ Kd7
27. Qd3+ Kc7 28. Qe7+ 1-0

[Event "World Blitz Women 2017"]
[Site "Riyadh KSA"]
[Date "2017.12.30"]
[Round "16.38"]
[White "Gu, Xiaobing"]
[Black "Nguyen, Thi Mai Hung"]
[Result "1-0"]
[WhiteTitle "WGM"]
[BlackTitle "WGM"]
[WhiteElo "2332"]
[BlackElo "2321"]
[WhiteFideId "8602611"]
[BlackFideId "12401676"]
[EventDate "2017.12.29"]

1. e4 c5 2. Nf3 g6 3. c4 Nc6 4. d4 cxd4 5. Nxd4 Nf6 6. Nc3 d6 7. Be2 Nxd4 8.
Qxd4 Bg7 9. Be3 O-O 10. Qd2 Qa5 11. O-O Be6 12. f3 Rfc8 13. b3 a6 14. Rac1 b5
15. Nd5 Qxd2 16. Bxd2 Nxd5 17. exd5 Bd7 18. Bd3 Bd4+ 19. Kh1 Rab8 20. Rfe1 e6
21. dxe6 fxe6 22. Bf4 e5 23. Bg5 Kf7 24. f4 Be6 25. cxb5 axb5 26. fxe5 dxe5 27.
Rf1+ Kg8 28. Rxc8+ Bxc8 29. Rc1 Bf5 30. Be2 e4 31. h4 h5 32. Rc7 b4 33. Bc4+ Kf8
34. Be7+ Ke8 35. Bd5 Bd7 36. Bg5 e3 37. Bf7+ Kxf7 38. Rxd7+ Ke6 39. Rxd4 Kf5 40.
Bxe3 Re8 41. Bd2 Ra8 42. Bxb4 Rxa2 43. Be7 Rb2 44. b4 Rb1+ 45. Kh2 Rb3 46. Rd5+
Ke6 47. Rg5 Kxe7 48. Rxg6 Rxb4 49. Kh3 Kf7 50. Rg5 Rb3+ 51. g3 Rb1 52. Rxh5 Rh1+
53. Kg4 Kg6 54. Rg5+ Kh6 55. Ra5 Rb1 56. Ra6+ Kg7 57. h5 Rb5 58. Kh4 Rc5 59. g4
Rc4 60. Ra7+ Kf6 61. Ra6+ Kg7 62. Ra7+ Kf6 63. Ra6+ Kg7 64. Rg6+ Kh7 65. Rf6 Kg7
66. Rf5 Ra4 67. Kg5 Rb4 68. Ra5 Rb6 69. Ra7+ Kg8 70. h6 Rb5+ 71. Kg6 Rb6+ 72.
Kh5 Rb5+ 73. g5 Rb1 74. g6 Rh1+ 75. Kg5 Rg1+ 76. Kf6 Rf1+ 77. Ke5 Re1+ 78. Kf4
Rf1+ 79. Ke3 Re1+ 80. Kf2 Re6 81. Ra8+ 1-0

[Event "World Blitz Women 2017"]
[Site "Riyadh KSA"]
[Date "2017.12.30"]
[Round "16.39"]
[White "Savina, Anastasia"]
[Black "Munguntuul, Batkhuyag"]
[Result "0-1"]
[WhiteTitle "IM"]
[BlackTitle "IM"]
[WhiteElo "2350"]
[BlackElo "2397"]
[WhiteFideId "4196872"]
[BlackFideId "4900758"]
[EventDate "2017.12.29"]

1. Nf3 d5 2. d4 Nf6 3. c4 c6 4. Nc3 a6 5. e3 b5 6. c5 Nbd7 7. a3 e5 8. dxe5 Ng4
9. e6 fxe6 10. b4 Be7 11. Nd4 Nde5 12. h3 Nh6 13. Qh5+ Nhf7 14. Bb2 Bd7 15.
O-O-O Bf6 16. f4 g6 17. Qe2 Nc4 18. Ba1 a5 19. Nc2 axb4 20. axb4 Rxa1+ 21. Nxa1
Bxc3 22. Nc2 Qa8 23. Qd3 Bf6 24. Qb3 O-O 25. g4 e5 26. Bxc4 bxc4 27. Qa3 Qxa3+
28. Nxa3 exf4 29. exf4 Ra8 30. Nc2 Nd8 31. Rhe1 Ne6 32. f5 Nf4 33. Kd2 Ra2 34.
Ke3 Bg5 35. Nd4 Nd3+ 36. Kf3 Nxe1+ 37. Rxe1 gxf5 38. Nxf5 Bxf5 39. gxf5 Kf7 40.
Re6 c3 41. Rxc6 c2 0-1

[Event "World Blitz Women 2017"]
[Site "Riyadh KSA"]
[Date "2017.12.30"]
[Round "16.40"]
[White "Ding, Yixin"]
[Black "Gevorgyan, Maria"]
[Result "1-0"]
[WhiteTitle "WGM"]
[BlackTitle "WIM"]
[WhiteElo "2424"]
[BlackElo "2275"]
[WhiteFideId "8602972"]
[BlackFideId "13300270"]
[EventDate "2017.12.29"]

1. e4 e5 2. Nf3 Nf6 3. Nc3 Nc6 4. Be2 d6 5. d4 exd4 6. Nxd4 Nxd4 7. Qxd4 Be7 8.
O-O Be6 9. Be3 O-O 10. h3 Nd7 11. Qd2 f5 12. exf5 Bxf5 13. Nd5 Kh8 14. Nxe7 Qxe7
15. Bd4 Nf6 16. Rae1 Qf7 17. Kh2 Ne4 18. Qc1 Nf6 19. Bf3 c6 20. Qg5 Bxc2 21. Re3
Bg6 22. Rfe1 Qc4 23. Bc3 Qc5 24. Qh4 d5 25. Bb4 Qb6 26. Bxf8 Rxf8 27. b3 Qc7+
28. Kg1 Qa5 29. a4 Qd2 30. Rd1 Qb2 31. Qb4 Kg8 32. Qxb7 Ne4 33. Re2 Qf6 34. Bxe4
Bxe4 35. Qc7 Qg6 36. Qg3 Qh5 37. Rde1 Qf7 38. f3 Bg6 39. Re7 Qf6 40. Qe5 Qxe5
41. R1xe5 Rb8 42. Rxa7 Rxb3 43. Ree7 d4 44. Rxg7+ Kf8 45. Rgd7 d3 46. Rd8+ Be8
47. Raa8 Rb1+ 48. Kf2 Rb2+ 49. Ke3 Kf7 50. Rxe8 Re2+ 51. Kxd3 Rxe8 52. Rxe8 Kxe8
53. Kc4 Kd7 54. Kc5 Kc7 55. g4 1-0

[Event "World Blitz Women 2017"]
[Site "Riyadh KSA"]
[Date "2017.12.30"]
[Round "16.41"]
[White "Kovanova, Baira"]
[Black "Mamedjarova, Zeinab"]
[Result "0-1"]
[WhiteTitle "WGM"]
[BlackTitle "WGM"]
[WhiteElo "2367"]
[BlackElo "2363"]
[WhiteFideId "4164083"]
[BlackFideId "13401521"]
[EventDate "2017.12.29"]

1. Nf3 d5 2. d4 e6 3. c4 dxc4 4. e3 a6 5. Bxc4 Nf6 6. O-O b5 7. Be2 Bb7 8. Qc2
Nbd7 9. a4 b4 10. Nbd2 c5 11. Nb3 Rc8 12. dxc5 Nxc5 13. Nxc5 Bxc5 14. Qd1 O-O
15. b3 Ne4 16. Bb2 Nc3 17. Bxc3 bxc3 18. Qc2 Qf6 19. Rac1 Bb6 20. Rcd1 Rc5 21.
Rd4 Rf5 22. Rc4 Ba5 23. Rd1 Bd5 24. Rcd4 Bb6 25. Rg4 Rh5 26. Nd4 Qe5 27. Rg3 Rh4
28. Qxc3 Bb7 29. Bf1 Rd8 30. Qb4 Qd6 31. Qc3 e5 32. Nf5 Qxd1 33. Qxe5 Rg4 34.
Ne7+ Kh8 35. Nf5 a5 36. Qe7 Rb8 37. Qe5 Rg8 38. Qe7 Ba6 39. Rxg4 Qxf1# 0-1

[Event "World Blitz Women 2017"]
[Site "Riyadh KSA"]
[Date "2017.12.30"]
[Round "16.42"]
[White "Galojan, Lilit"]
[Black "Ovod, Evgenija"]
[Result "1-0"]
[WhiteTitle "IM"]
[BlackTitle "IM"]
[WhiteElo "2300"]
[BlackElo "2364"]
[WhiteFideId "13301314"]
[BlackFideId "4131827"]
[EventDate "2017.12.29"]

1. c4 f5 2. g3 Nf6 3. Bg2 d6 4. d4 g6 5. b3 Bg7 6. Bb2 O-O 7. Nf3 Ne4 8. Qc2 Nd7
9. O-O Ndf6 10. Nbd2 c6 11. Rac1 a5 12. a3 Bd7 13. Ne1 Nxd2 14. Qxd2 Qb6 15. Qc2
Rae8 16. Nd3 Ne4 17. c5 Qc7 18. e3 h6 19. cxd6 exd6 20. d5 c5 21. Bxg7 Kxg7 22.
Nf4 Re7 23. Rfe1 Rfe8 24. Qb2+ Kh7 25. h4 g5 26. hxg5 hxg5 27. Nh3 Kg6 28. Kf1
Rh7 29. Ke2 f4 30. Rh1 fxg3 31. Bxe4+ Rxe4 32. Nxg5 Rxh1 33. Rxh1 Bg4+ 34. f3
Kxg5 35. Qh8 Bxf3+ 36. Kxf3 Qf7+ 37. Ke2 Qf2+ 38. Kd1 Qf3+ 39. Kc2 Qe2+ 40. Kb1
Qd3+ 41. Ka1 Qc3+ 42. Qxc3 1-0

[Event "World Blitz Women 2017"]
[Site "Riyadh KSA"]
[Date "2017.12.30"]
[Round "16.43"]
[White "Assaubayeva, Bibisara"]
[Black "Fierro Baquero, Martha L."]
[Result "1-0"]
[WhiteTitle "FM"]
[BlackTitle "IM"]
[WhiteElo "2381"]
[BlackElo "2369"]
[WhiteFideId "13708694"]
[BlackFideId "3600270"]
[EventDate "2017.12.29"]

1. d4 g6 2. e4 Bg7 3. Nc3 c6 4. a4 d6 5. Nf3 Nf6 6. Bc4 O-O 7. O-O d5 8. exd5
cxd5 9. Bb3 Bg4 10. h3 Bxf3 11. Qxf3 e6 12. Bf4 Nc6 13. Ne2 Ne4 14. c3 Qb6 15.
Bc2 f5 16. b4 Rac8 17. a5 Qd8 18. Qe3 Qd7 19. Ba4 Qf7 20. f3 Nf6 21. Nc1 Nh5 22.
Nd3 Nxf4 23. Qxf4 a6 24. Bxc6 Rxc6 25. Nc5 Re8 26. Rfe1 Bf6 27. Re2 g5 28. Qd2
Qg7 29. Rae1 Qf7 30. Qd3 h6 31. Qd2 Kh7 32. Qd3 Kg8 33. Kh1 Kg7 34. Re3 Re7 35.
Qe2 f4 36. Rxe6 Rcxe6 37. Nxe6+ Kg8 38. c4 dxc4 39. d5 c3 40. Qc4 Rd7 41. Rd1
Be5 42. Nc5 Rc7 43. Qe4 Bd6 44. Ne6 Rc8 45. Rc1 Qf6 46. Qd3 Bxb4 47. Nd4 Bd6 48.
Rxc3 Rxc3 49. Qxc3 Be5 50. Qc8+ Kh7 51. Ne6 Bd6 52. Qd7+ Be7 53. d6 Qa1+ 54. Kh2
Qf6 55. Qxe7+ Kg6 56. Qxf6+ Kxf6 57. d7 1-0

[Event "World Blitz Women 2017"]
[Site "Riyadh KSA"]
[Date "2017.12.30"]
[Round "16.44"]
[White "Sedina, Elena"]
[Black "Karavade, Eesha"]
[Result "0-1"]
[WhiteTitle "IM"]
[BlackTitle "IM"]
[WhiteElo "2312"]
[BlackElo "2384"]
[WhiteFideId "812153"]
[BlackFideId "5012600"]
[EventDate "2017.12.29"]

1. e4 c5 2. Nf3 d6 3. Bb5+ Nc6 4. O-O Bd7 5. Re1 a6 6. Bxc6 Bxc6 7. d4 cxd4 8.
Nxd4 Bd7 9. Nc3 e6 10. a4 Rc8 11. a5 Be7 12. Be3 Nf6 13. Nf3 Bc6 14. Bb6 Qd7 15.
Nd4 O-O 16. Qe2 Bd8 17. Bxd8 Rfxd8 18. Nxc6 Rxc6 19. Na4 Qc7 20. Nc3 h6 21. Ra4
Rc5 22. Rea1 Rc8 23. h3 Nd7 24. Qd2 Ne5 25. Kh1 Nc4 26. Qc1 Nxb2 27. Qxb2 Rxc3
28. Rb1 Rxc2 29. Qd4 Rc1+ 30. Rxc1 Qxc1+ 31. Kh2 Qf4+ 32. g3 Qf3 33. Ra1 Rc2 34.
Rf1 d5 35. exd5 Qxd5 36. Qb6 Ra2 37. Rc1 Rxa5 38. Rc8+ Kh7 39. Qb1+ Qf5 40. Qe1
Ra2 41. Kg1 Rb2 42. Rc1 Rc2 43. Rb1 b5 44. h4 a5 45. Qf1 b4 46. Ra1 b3 0-1

[Event "World Blitz Women 2017"]
[Site "Riyadh KSA"]
[Date "2017.12.30"]
[Round "16.45"]
[White "Gara, Anita"]
[Black "Albzoor, Anwar"]
[Result "1-0"]
[WhiteTitle "IM"]
[BlackTitle "WFM"]
[WhiteElo "2367"]
[BlackElo "1595"]
[WhiteFideId "709751"]
[BlackFideId "11500522"]
[EventDate "2017.12.29"]

1. e4 e6 2. d4 d5 3. Nd2 Nf6 4. Bd3 dxe4 5. Nxe4 Be7 6. Nf3 O-O 7. O-O Nbd7 8.
c3 b6 9. Nxf6+ Nxf6 10. Re1 Bb7 11. Bc2 c5 12. Qd3 Rc8 13. Bg5 g6 14. Rad1 Nd5
15. Bh6 Re8 16. Ne5 Bf6 17. Qh3 Bg7 18. Bxg7 Kxg7 19. Qg3 Qf6 20. Be4 Qe7 21.
dxc5 Rxc5 22. c4 Nf6 23. Bxb7 Qxb7 24. b4 Rec8 25. bxc5 bxc5 26. h4 Qb2 27. Qd3
Qd4 1-0

[Event "World Blitz Women 2017"]
[Site "Riyadh KSA"]
[Date "2017.12.30"]
[Round "17.1"]
[White "Dzagnidze, Nana"]
[Black "Abdumalik, Zhansaya"]
[Result "0-1"]
[WhiteTitle "GM"]
[BlackTitle "IM"]
[WhiteElo "2522"]
[BlackElo "2449"]
[WhiteFideId "13601903"]
[BlackFideId "13703544"]
[EventDate "2017.12.29"]

1. Nf3 Nf6 2. c4 c5 3. Nc3 d5 4. cxd5 Nxd5 5. e4 Nb4 6. Bc4 Nd3+ 7. Bxd3 Qxd3 8.
Qe2 Qxe2+ 9. Kxe2 b6 10. d4 Ba6+ 11. Ke1 Nc6 12. Be3 cxd4 13. Nxd4 Nxd4 14. Bxd4
e6 15. f3 Rd8 16. Rd1 f6 17. Be3 Rc8 18. Kf2 Bb4 19. Rc1 Bxc3 20. Rxc3 Rxc3 21.
bxc3 Ke7 22. Rb1 Rc8 23. Bd2 Bc4 24. a4 Rc5 25. Rb4 Ba6 26. Rd4 Rc4 27. Ke3 e5
28. Rxc4 Bxc4 29. Bc1 a5 30. Ba3+ Ke6 31. Bf8 g6 32. Kd2 Bb3 33. h4 Bxa4 34. c4
Bc6 35. Kc3 f5 36. exf5+ gxf5 37. Bh6 f4 38. Bf8 b5 39. cxb5 Bxb5 40. Bc5 Bf1
41. Bb6 Bxg2 42. Bxa5 Bxf3 43. Kd2 Kf5 44. Ke1 Kg4 45. Kf2 e4 46. Bc7 e3+ 47.
Ke1 Be4 48. Bb8 Bd3 49. Be5 f3 0-1